Movie General Knowledge Quiz #8 - Statistics

General Stats
  • This quiz has been taken 18 times
  • The average score is 7 of 15
Answer Stats
Hint Answer % Correct
What film features the character Patrick Bateman? American Psycho
82%
Who directed The Departed? Martin Scorsese
59%
Who directed Eyes Wide Shut? Stanley Kubrick
59%
Which movie takes place mostly inside a jury deliberation room? 12 Angry Men
53%
Who directed Seven? David Fincher
53%
In which film does the character Anton Chigurh appear? No Country for Old Men
53%
Which movie explains the 2008 financial crisis using celebrity cameos? The Big Short
53%
Which film features the fictional fast-food chain “Big Kahuna Burger”? Pulp Fiction
47%
In which film does the character Travis Bickle appear? Taxi Driver
47%
Who directed Blade Runner (1982)? Ridley Scott
41%
Which film features the quote “I drink your milkshake”? There Will Be Blood
35%
What 1999 film features the line “I am Jack’s smirking revenge”? Fight Club
24%
Who directed Heat (1995)? Michael Mann
24%
Which film follows Captain Willard’s mission to find Colonel Kurtz? Apocalypse Now
18%
Which movie features private detective Jake Gittes? Chinatown
12%
No matching quizzes found
Score Distribution
Percent of People with Each Score
Percentile by Number Answered
Your Score History
You have not taken this quiz